000 00962nas a2200325 4500
001 BR2014004059
003 BR-BrBNA
005 20231205124211.0
007 ta
008 230509b bl.|||p| |||| 00| 00por d
040 _aBR-BrBNA
_bpor
_cBiblioteca Nacional de Agricultura
041 _a(Pt)
072 _aF06
100 1 _aOliveira, F. de A. de
100 1 _aPinto, K.S. de O.
100 1 _aBezerra, F.M.S.
100 1 _aLima, L.A. de
100 1 _aCavancante, A.L.G.
100 1 _aOliveira, M.K.T. de
100 1 _aMedeiros, J.F. de
245 1 _aTolerância do maxixeiro, cultivado em vasos, á salinidade da água de irrigação
650 _aMAXIXE
650 _aSALINIDADE
650 _aIRRIGAÇÃO
650 _aRENDIMENTO
650 _aDESENVOLVIMENTO
773 0 _tRevista Ceres (Brazil)
_xISSN 0034-737X
_g(Jan-Feb 2014), v. 61(1) p. 147-154
_wBR2014004059
909 _a202311
_bLúcia
_c55
_dLúcia Elande
942 _2AGRIS
_n0
_cANA
999 _c237822
_d237822